| 000 | 00604nam a2200169 4500 | ||
|---|---|---|---|
| 999 |
_c14886 _d14886 |
||
| 008 | 200130b ||||| |||| 00| 0 eng d | ||
| 020 | _a978-971-821-826-6 | ||
| 082 |
_22019 _aDFil 428.40711 _bB12 |
||
| 100 |
_aBacasmot, Jocelyn. _941343 |
||
| 245 |
_aNow I know: _ba practical guide in reading/ _cJocelyn Bacasmot and Marianne P. Afrondoza |
||
| 260 |
_aMalabon City: _bMutya Publishing House, Inc. _c©2019. |
||
| 300 |
_a157 pages: _billustrations; _c25 cm. |
||
| 500 | _aIncludes references. | ||
| 650 |
_aStudy skills. _941344 |
||
| 700 |
_aAfrondoza, Marianne P. _eAuthor. _92936 |
||
| 942 |
_2ddc _cDFIL |
||